000 00755cab a2200241 4500
001 WB3043-58
008 090401t1994 xxu||||| |||| 00| 0 eng d
035 _a(Sirsi) u4353
041 _aeng
245 _aIncorporation looms
260 _c1994
350 _a0
490 _aEstates Gazette
_v(9445) 12 November 1994, 80(1)
520 _aArguments in favour of incorporation for surveying firms are becoming irresistible according to David Furst of accountant Clark Whitehall.
650 _aABOUT RICS-RICS MEMBERS
650 _aFINANCE ACT 1994
650 _aINCORPORATION
650 _aLIMITED COMPANIES
650 _aSURVEYING FIRMS
690 _aMANAGEMENT-BUSINESS MANAGEMENT-PROFESSIONAL PRACTICE
942 _n0
948 _c04/03/1997
999 _c2612
_d2612